Skip to content
VuFind
Login
All Fields
Title
Author
Subject
Call Number
ISBN/ISSN
Tag
Find
Advanced
කන ඇතුලට ගමනක්:මහාචාර්ය පූටන්ග...
Cite this
Text this
Email this
Print
Export Record
Export to RefWorks
Export to EndNoteWeb
Export to EndNote
Export to MARC
Export to BibTeX
Export to RIS
Save to List
Permanent link
කන ඇතුලට ගමනක්:මහාචාර්ය පූටන්ගේ අරුම පුදුම චාරිකා
Show other versions (1)
Saved in:
Bibliographic Details
Main Author:
තොටවත්ත,නුවන්
Format:
Book
Language:
Sinhalese
Published:
සමයවර්ධන ප්රකාශන ,
කොළඹ 10:
2020
Subjects:
සිංහල සාහිත්ය
Tags:
Add Tag
No Tags, Be the first to tag this record!
Holdings
Description
Comments
Other Versions (1)
Similar Items
Staff View
MARC
LEADER
00000nam a22000007a 4500
008
240106b |||||||| |||| 00| 0 sin d
020
|a
9789557081083
041
|a
sin
082
|a
891.483
|b
තොටව
100
|a
තොටවත්ත,නුවන්
245
0
|a
කන ඇතුලට ගමනක්:මහාචාර්ය පූටන්ගේ අරුම පුදුම චාරිකා
246
|a
Kana Athulata giya gamanak : Mahacharya Putange Aruma puduma Charika
260
|b
කොළඹ 10:
|a
සමයවර්ධන ප්රකාශන ,
|c
2020
300
|a
පි.20:
|b
චිත්ර;
|c
සෙ.මි. 28
650
|a
සිංහල සාහිත්ය
999
|c
12991
|d
12991
Similar Items
කන ඇතුලට ගමනක්:මහාචාර්ය පූටන්ගේ අරුම පුදුම චාරිකා
by: තොටවත්ත,නුවන්
Published: (2020)
හුස්ම ගන්න හැටි බලන්න :මහාචාර්ය පූටන්ගේ අරුම පුදුම චාරිකා
by: තොටවත්ත,නුවන්
Published: (2021)
දත් බලන්න කට ඇතුළට : මහාචාර්ය පූටන්ගේ අරුම පුදුම චාරිකා
by: තොටවත්ත, නුවන්
Published: (2022)
අරුම පුදුම ගස/
by: දළවැල්ල, දයාරත්න
Published: (2018)
අරුම පුදුම පරීක්ෂණයයක් ...
by: බ්ලයිටන්,එනිඩ්
Published: (2006)